Music Quiz

Random Music or Song Quiz

Top ten songs of the week Quiz Stats

 Plays Quiz not verified by Sporcle

Score 0/10 Timer 03:00
0 Plays Today
Artist Song % Correct
Far*East Movement ft. Cataracs and DevLike a G6
75%
NellyJust a Dream
75%
Katy PerryFirework
65%
Bruno MarsJust the Way You Are
65%
P!nkRaise your Glass
50%
Ke$haWe R Who We R
45%
Rihanna ft DrakeWhat's My Name
40%
RihannaOnly Girl (In the World)
30%
Trey Songz ft Nicki MinajBottoms Up
30%
Usher ft PitbullDJ Got us Fallin' in Love
30%

You're not logged in!

Compare scores with friends on all Sporcle quizzes.
OR
Log In

Show Comments

Extras

Created Nov 17, 2010ReportNominate
Tags:Artist Quiz, Song Quiz, ten, week

Top Quizzes Today


Score Distribution

Your Account Isn't Verified!

In order to create a playlist on Sporcle, you need to verify the email address you used during registration. Go to your Sporcle Settings to finish the process.

Report this User

Report this user for behavior that violates our Community Guidelines.

Details: